LIBRARY ONLINE CATALOGUE

The Biggest pumpkin ever / (Record no. 14458)

MARC details
000 -LEADER
fixed length control field 00498nam a22001812 4500
001 - CONTROL NUMBER
control field 0000008911
005 - DATE AND TIME OF LATEST TRANSACTION
control field 20151217160119.0
008 - FIXED-LENGTH DATA ELEMENTS--GENERAL INFORMATION
fixed length control field 080617s xx 000 0 eng d
020 ## - INTERNATIONAL STANDARD BOOK NUMBER
International Standard Book Number 0823405052 :
Terms of availability KES
040 ## - CATALOGING SOURCE
Original cataloging agency KABU
Transcribing agency KABU
100 1# - MAIN ENTRY--PERSONAL NAME
Personal name Kroll, Steven.
-- 0000159702
245 14 - TITLE STATEMENT
Title The Biggest pumpkin ever /
Statement of responsibility, etc. Steven Kroll.
260 ## - PUBLICATION, DISTRIBUTION, ETC. (IMPRINT)
Place of publication, distribution, etc. New York :
Name of publisher, distributor, etc. Holiday House,
Date of publication, distribution, etc. 1984.
300 ## - PHYSICAL DESCRIPTION
Extent [32] p.
908 ## - PUT COMMAND PARAMETER (RLIN)
Put command parameter 080617
950 ## - LOCAL HOLDINGS (RLIN)
-- 1
Holdings
Withdrawn status Lost status Source of classification or shelving scheme Not for loan Home library Current library Date acquired Total Checkouts Full call number Barcode Date last seen Price effective from Koha item type
    Library of Congress Classification   Kabarak, Main Campus Kabarak, Main Campus 17/12/2015   PZ7 .K7B54 c. 1 011639 17/12/2015 17/12/2015 Children Collection